000 00854nam a22002177a 4500
008 240525b mp ||||| |||| 00| 0 mon d
035 _a12363
040 _aСэлэнгэ аймгийн нийтийн номын сан
_bmon
_cMN-UlNLM
_dMN-UlNLM
_erda
041 _amon
042 _a27384
084 _2НСНЗА
_a75
_bЦ-975
100 _aЦэцэгмаа Ш.
245 0 _aХийморь далласан ярилцлагууд
264 _aУлаанбаатар
_bМөнгөн пресс ХГ
_c2014
300 _a335
336 _2rdacontent
_atext
_btxt
337 _2rdamedia
_aunmediated
_bn
338 _2rdacarrier
_avolume
_bnc
650 _aГарчиг: Насаа маань баатар болчихоор бил дүү нь болж байх шиг Хийморь далласан ярилцлагууд...
942 _2NNA
_cBK
999 _c711673
_d711730